Divadlo na Vinohradech 1907-2017 110 osobností, které tvořily historii divadla

Bibliographic Details
Main Author: Žák, Jiří, 1946-2024 (Author)
Format: Book
Language:Czech
PhysicalDescription:286 strán faksimile, ilustrácie,portréty 21 cm
Published: Praha XYZ 2017
ISBN:9788075058034
Subjects:

MARC

LEADER 00000nam a2200000 4500
001 vtls011756525
003 SK-MaSNL
005 20260302021051.0
008 180516s2017 xr g 000 0 cze
020 |a 9788075058034  |q (viazané) 
040 |a SNK  |b slo  |c SNK  |e rda 
041 0 |a cze 
044 |a xr  |c CZ 
072 7 |a 792  |x Divadlo. Divadelné predstavenia  |2 konspekt 
072 7 |a 929  |x Biografie  |2 konspekt 
080 |a 792.05  |2 2011 
080 |a 792.071.2  |2 2011 
080 |a 792.07  |2 2011 
080 |a 929  |2 2011 
080 |a (437.3)  |2 2011 
080 |a (0:82-94)  |2 2011 
080 |a (082.2)  |2 2011 
100 1 |a Žák, Jiří,  |d 1946-2024  |4 aut  |9 246006 
245 1 0 |a Divadlo na Vinohradech 1907-2017  |b 110 osobností, které tvořily historii divadla  |c Jiří Žák 
264 1 |a Praha  |b XYZ  |c 2017 
300 |a 286 strán  |b faksimile, ilustrácie,portréty  |c 21 cm 
336 |a text  |b txt  |2 rdacontent 
336 |a statický obraz  |b sti  |2 rdacontent 
337 |a bez média  |b n  |2 rdamedia 
338 |a zväzok  |b nc  |2 rdacarrier 
504 |a Bibliografia na stane 285-286 
610 2 7 |a Divadlo na Vinohradech  |2 SNKKA  |9 188420 
648 7 |a 1907-2017  |2 SNKPH  |9 664875 
648 7 |a 20.-21. storočie  |2 SNKPH  |9 302531 
650 0 7 |a osobnosti  |2 SNKPH  |9 29820 
650 0 7 |a divedelní herci  |2 SNKPH  |9 664876 
650 0 7 |a divedelní umelci  |2 SNKPH  |9 664877 
650 0 7 |a divadlá  |2 SNKPH  |9 29113 
650 0 7 |a Celebrities  |2 SNKPHeng  |9 265203 
650 0 7 |a Actors  |2 SNKPHeng  |9 278341 
650 0 7 |a Theater artists  |2 SNKPHeng  |9 333671 
650 0 7 |a Theaters  |2 SNKPHeng  |9 266595 
651 7 |a Praha (Česko)  |2 SNKPHgeo  |9 19313 
651 7 |a Prague (Czechia)  |2 SNKPHeng  |9 282408 
655 7 |a portréty  |2 SNKPH  |9 63063 
655 7 |a Portraits  |2 SNKPHeng  |9 323443 
655 7 |a Jubilee books  |2 SNKPHeng  |9 281827 
655 7 |a jubilejné publikácie  |2 SNKPH  |9 70339 
852 |a Slovenská národná knižnica 
919 |a 978-80-7505-803-4 
999 |c 1027355  |d 1029285 
952 |a SNK  |b SNK  |y VYP  |7 0  |p 17A1331386  |o snkIC 144068  |i snk2018/12098  |8 2  |g 15.65  |0 0  |1 0  |4 0  |d 2018-05-16  |l 0  |r 2026-02-24 13:43:42  |w 2026-02-24